Statistics for Top 15 Celebrities Born In 1986

Click here to take the quiz!

General Stats

  • This quiz has been taken 148 times
    (101 since last reset)
  • The average score is 6 of 15

Answer Stats

Answer% Correct
Drake
90%
Lady Gaga
81%
Robert Pattinson
70%
Mary Kate Olsen
69%
Ashley Olsen
67%
Lindsay Lohan
59%
Megan Fox
36%
Amber Heard
35%
Ellie Goulding
33%
Amanda Bynes
29%
Drake Bell
25%
Colleen Ballinger
19%
Bart Baker
5%
Wengie
4%
Vy Qwaint
1%

Score Distribution

Percentile by Number Answered

Percent of People with Each Score

Your Score History

You have not taken this quiz since the last reset